000
00335 a2200157 4500
001
187858
020
_a
85-305-0231-0
040
_c
Magnum
100
_a
Azevedo, Ricardo
240
1
0
_a
Meu material escolar
_l
por
245
1
0
_a
Meu material escolar
300
_a
48
362
0
_a
2000
697
_a
LITERATURA INFANTO
942
_c
BK
999
_c
187858
_d
187858